Missing Word: Arctic Monkeys Songs Quiz Stats

 Plays Quiz Updated Jan 1, 2018

Score 0/20 Timer 03:00
5 Plays Today
Song Title Missing Word % Correct
When the ____ Goes DownSun
96.7%
Do I Wanna ____?Know
90%
I ____ You Look Good on the DancefloorBet
89.5%
Why'd You Only Call Me When You're ____?High
88.1%
One For the ____Road
87.8%
R U ____?Mine
86.8%
Fluorescent ____Adolescent
84.5%
____ It and SeeSuck
83.7%
____ BumMardy
83.3%
____ Out of ItSnap
83.1%
Song Title Missing Word % Correct
Don't Sit Down 'Cause I've ____ Your ChairMoved
81.3%
Old ____ BricksYellow
80.4%
____ PickerTeddy
79.9%
Knee ____Socks
79.7%
Fake ____ of San FranciscoTales
78.6%
Crying ____Lightning
77.7%
A Certain ____Romance
76.9%
The ____ From the AfternoonView
76.8%
From the ____ to the RubbleRitz
73.7%
____ PropellerMy
70.1%

Today's Daily Dose

Missing Word
TV IA - IZ

Word Ladder
Home Improvement

Get the Picture
Wrist or Ankle Bones

You're not logged in!

Compare scores with friends on all Sporcle quizzes.
OR
Log In

You Might Also Like...

Show Comments

Extras

Top Quizzes Today


Score Distribution

Your Account Isn't Verified!

In order to create a playlist on Sporcle, you need to verify the email address you used during registration. Go to your Sporcle Settings to finish the process.

Report this User

Report this user for behavior that violates our Community Guidelines.

Details: